| 000 | 00802cam a22002533a 4500 | ||
|---|---|---|---|
| 001 | 23888 | ||
| 003 | PGUSA | ||
| 005 | 20140828083517.0 | ||
| 008 | 071218s2007||||xxu|||||s|||||000 1 eng d | ||
| 040 |
_aPGUSA _beng |
||
| 042 | _adc | ||
| 050 | 4 | _aPZ | |
| 100 | 1 | _aW. B. | |
| 245 | 1 | 4 |
_aThe Elephant's Ball, and Grand Fete Champetre : _bIntended as a Companion to Those Much Admired Pieces, the Butterfly's Ball, and the Peacock "At Home." _h[electronic resource] / _cW. B. |
| 260 |
_bProject Gutenberg, _c2007 |
||
| 506 | _aPublic domain in the USA. | ||
| 516 | _aElectronic text | ||
| 653 | _aAnimals -- Fiction | ||
| 653 | _aBalls (Parties) -- Fiction | ||
| 653 | _aStories in rhyme | ||
| 830 | 0 |
_aProject Gutenberg _v23888 |
|
| 856 | 4 | 0 | _uhttp://www.gutenberg.org/ebooks/23888 |
| 942 | _cEB | ||
| 999 |
_c253143 _d253143 |
||